California High-Speed Rail Stops - Sudden Death - Statistics

General Stats
  • This quiz has been taken 8 times
  • The average score is 4 of 14
Answers on the Grid
Answers color-coded by a green-red scale on the quiz's grid according to % correct below.
San Francisco Salesforce Transit Center
San Francisco 4th & King
Millbrae-SFO
Palo Alto
San Jose Diridon
Morgan Hill
Gilroy
Los Banos
Madera
Fresno
Kings-Tulare Regional
Visalia
Fresno-Madera Regional
Bakersfield
Tehachapi
Lancaster
Palmdale
Santa Clarita
Burbank Airport
Los Angeles Airport
Los Angeles Union Station
Los Angeles Central Station
Anaheim
Santa Ana
Long Beach
Merced
Santa Monica
San Bruno-SFO
Irvine
Oakland
 
Answer Stats
Answer % Correct
San Francisco Salesforce Transit Center
50%
San Jose Diridon
50%
Anaheim
25%
Bakersfield
25%
Burbank Airport
25%
Fresno
25%
Gilroy
25%
Kings-Tulare Regional
25%
Los Angeles Union Station
25%
Madera
25%
Merced
25%
Palmdale
25%
San Francisco 4th & King
25%
Millbrae-SFO
0%
No matching quizzes found
Score Distribution
Percent of People with Each Score
Percentile by Number Answered
Your Score History
You have not taken this quiz